Alles mit E (mit Hinweisen) - Statistiken

Allgemein
  • Dieses Quiz wurde 286 mal gespielt
  • Das Durchschnittsergebnis liegt bei 53 aus 80
Antwortstatistiken
Kategorie Hinweis Antwort % Korrekt
Länder Europa Estland
98%
Länder Afrika Eritrea
95%
Sonstiges Währung in Deutschland Euro
94%
Länder Südamerika Ecuador
93%
Pflanzen & Tiere Säugetier (grau, Rüssel) Elefant
91%
Sonstiges Gegenteil von Anfang Ende
91%
Sonstiges Wahrzeichen von Paris Eiffelturm
90%
Sonstiges Unser blauer Planet Erde
90%
Städte Großstadt in NRW Essen
90%
Sonstiges Deutscher Supermarkt Edeka
89%
Pflanzen & Tiere Säugetier (lebt am Nordpol) Eisbär
89%
Pflanzen & Tiere Lasttier Esel
89%
Geografisches Allerlei Kontinent Europa
89%
Essen & Trinken Käse Edamer / Emmentaler
87%
Geografisches Allerlei Fluss in Tschechien und DE Elbe
87%
Sonstiges Sportart mit Puck Eishockey
86%
Berühmte Personen King of Rock'n'Roll E{lvis} P{resley}
86%
Essen & Trinken Anderes Wort für Kartoffel Erdapfel
85%
Städte Hauptstadt von Schottland Edinburgh
84%
Berühmte Personen CEO von Tesla E{lon} M{usk}
84%
Berühmte Personen Präsident in Frankreich E{mmanuel} M{acron}
84%
Pflanzen & Tiere Kletterpflanze Efeu
83%
Städte Hauptstadt von Thüringen Erfurt
83%
Pflanzen & Tiere Langlebiger Laubbaum Eiche
82%
Essen & Trinken Proteinreiche Hülsenfrucht Erbse
82%
Pflanzen & Tiere Reptil, Schuppenkriechtier Eidechse
81%
Länder Afrika Eswatini
79%
Länder Nordamerika El Salvador
78%
Sonstiges Schmuckstück (Hochzeit) Ehering
77%
Länder Afrika Elfenbeinküste
77%
Essen & Trinken Salat Endivien- / Eisberg-
77%
Essen & Trinken Kaltes Aufgussgetränk Eistee / Eiskaffee
75%
Pflanzen & Tiere Blau, blau, blau blüht der... Enzian
75%
Pflanzen & Tiere Nahrung von Koalas Eukalyptus
75%
Berühmte Personen Britischer Sänger u. Pianist E{lton} J{ohn}
73%
Berühmte Personen Hermine in Harry Potter E{mma} W{atson}
71%
Sonstiges Wissenschaft der Moral Ethik
71%
Pflanzen & Tiere Wasservogel Ente
70%
Geografisches Allerlei Mittelgebirge in RLP & NRW Eifel
69%
Berühmte Personen Amerikanischer Rapper Eminem
69%
Essen & Trinken Biermarke aus Bayern Erdinger
67%
Berühmte Personen Deutscher Schriftsteller E{rich} K{ästner}
67%
Pflanzen & Tiere Giftiger Nadelbaum Eibe
66%
Pflanzen & Tiere Nagetier (lebt in Bäumen) Eichhörnchen
66%
Essen & Trinken Getränk mit Koffein & Taurin Energydrink
66%
Berühmte Personen Ehem. Politiker (KPD, SED) E{rich} H{onecker}
66%
Städte Großstadt in Bayern Erlangen
66%
Essen & Trinken "Suppe" aus nur 1 Gefäß Eintopf
65%
Pflanzen & Tiere Kann 40m hoch werden Esche
63%
Städte Größte Stadt Ostfrieslands Emden
60%
Geografisches Allerlei Mittelgebirge in Sachsen Erzgebirge
59%
Essen & Trinken Maroni oder Marone Esskastanie
59%
Geografisches Allerlei Italienische Insel Elba
58%
Essen & Trinken Rote Sammelnussfrucht Erdbeere
58%
Geografisches Allerlei See in Nordamerika Eriesee
56%
Berühmte Personen Gitarrist und Sänger E{ric} C{lapton}
55%
Sonstiges Seltenes Mineral, z.B. Rubin Edelstein
54%
Sonstiges Amerik. Videospielhersteller Electronic Arts
53%
Geografisches Allerlei Fluss (mündet in Nordsee) Ems
53%
Geografisches Allerlei Parkanlage in München Englischer Garten
53%
Geografisches Allerlei Fluss (Iberische Halbinsel) Ebro
48%
Sonstiges EU-Währungsbehörde Europ. Zentralbank
46%
Geografisches Allerlei Größter Fluss Vorderasiens Euphrat
44%
Berühmte Personen Whistleblower E{dward} S{nowden}
43%
Pflanzen & Tiere Baum (grau, grün, schwarz) Erle
43%
Städte Früherer Name von Tokio Edo
41%
Essen & Trinken Schwäbische "Nudeln" Eierspätzle
41%
Berühmte Personen Amerikanischer Schriftsteller E{rnest} H{emingway}
41%
Sonstiges Billigfluggesellschaft Eurowings
41%
Städte Ort des ICE-Unglücks 1998 Eschede
40%
Städte Stadt in den Niederlanden Eindhoven
39%
Berühmte Personen Amerikanische Moderatorin E{llen} D{eGeneres}
39%
Städte Hauptstadt von Alberta Edmonton
34%
Geografisches Allerlei Höchster Berg Russlands Elbrus
34%
Geografisches Allerlei Felsengebirge in Sachsen Elbsandsteingebirge
33%
Essen & Trinken Eingelegte grüne Stangen Essiggurke
33%
Sonstiges Kunst-Stilrichtung Expressionismus
33%
Pflanzen & Tiere Säugetier, Mangusten Erdmännchen
20%
Städte Stadt im Osten Belgiens Eupen
16%
Sonstiges Biochemischer Katalysator Enzym
14%
Keine übereinstimmenden Quizze gefunden
Verteilung der Resultate
Anzahl Personen mit jedem Resultat
Perzentil nach korrekt beantworteten Fragen
Ihre Resultats-Entwicklung
Sie haben dieses Quiz noch nicht gespielt